Capitals Without the Letters of “Addis Ababa” - Statistics

General Stats
  • This quiz has been taken 12 times
  • The average score is 1 of 7
Answer Stats
Continents Capitals % Correct
Asia Tokyo
67%
Europe Rome
33%
Africa Freetown
0%
South America Georgetown
0%
Africa Lomé
0%
Asia Phnom Penh
0%
Africa Porto-Novo
0%
No matching quizzes found
Score Distribution
Percent of People with Each Score
Percentile by Number Answered
Your Score History
You have not taken this quiz